| 000 | 00835nam a2200253Ia 4500 | ||
|---|---|---|---|
| 003 | OSt | ||
| 005 | 20220918112007.0 | ||
| 006 | a|||||r|||| 00| 0 | ||
| 007 | ta | ||
| 008 | 220915b |||||||| |||| 00| 0 san d | ||
| 024 | _a36302 | ||
| 037 | _cTextbook | ||
| 040 |
_bsan _aARTS _cARTS |
||
| 041 | _asan | ||
| 082 | _aO15,2:gxD98,1,1, L7 | ||
| 100 |
_aशास्त्रिणा, श्री निवास _911600 |
||
| 245 | 0 | _aदशरूपकम् | |
| 246 | _aDasharūpakam | ||
| 260 |
_aमेरठ _bसाहित्य भणडार भारत _c1983 |
||
| 300 |
_a407पण् _ccm. |
||
| 650 | _aहिन्दी साहित्य | ||
| 942 |
_hO15,2:gxD98,1,1, L7 _cTB _2CC |
||
| 999 |
_c117760 _d117760 |
||